Psicología del terrorismo: cómo y por qué alguien se convierte en terrorista

Shranjeno v:
Bibliografske podrobnosti
Glavni avtor: Horgan, John (Author)
Format: Knjiga
Jezik:španščina
Izdano: Barcelona Gedisa 2006
Izdaja:1a. ed
Serija:Colección Libertad y Cambio
Teme:
Oznake: Označite
Brez oznak, prvi označite!

MARC

LEADER 00000nam a2200000 a 4500
001 UCJ9674
003 CL-VaPUC
008 070330e20060000SP |||||||||||||||||spa|d
020 |a 8474325463 
082 0 4 |a 303.625  |b HOR  |2 21 
100 |a Horgan, John  |e author  |9 519680 
245 1 0 |a Psicología del terrorismo: cómo y por qué alguien se convierte en terrorista 
250 |a 1a. ed 
300 |a 271 p 
942 |c BK 
945 |d 20070330 00:00:00  |a cmena 
260 |a Barcelona  |b Gedisa  |c 2006 
650 0 |a Terrorismo   |9 255070 
650 0 |a Problemas sociales  |9 258537 
650 7 |a PSICOLOGIA DEL COMPORTAMIENTO  |2 CL-VaPUC  |9 309615 
650 0 |a Trastornos del comportamiento  |9 311363 
583 |a last modification  |c 20070330 00:00:00  |k Rodrigo Vera 
490 0 |a Colección Libertad y Cambio 
999 |c 325093  |d 325091 
952 |0 0  |1 0  |4 0  |6 303_625000000000000_HOR_2006  |7 0  |8 A  |9 405672  |a BIBHIS  |b BIBHIS  |d 2019-11-22  |i 4326539  |o 303.625 HOR 2006  |p 4326539  |r 2025-01-20  |w 2019-11-22  |y BK  |k HIS